[Event "Andalucia-chA"]
[Site "Roquetas de Mar"]
[Date "2017.05.21"]
[Round "8"]
[White "Ruiz Moreno, Rafael"]
[Black "Castillo Rodriguez, Angel Luis"]
[Result "0-1"]
[WhiteElo "1860"]
[BlackElo "1970"]
[PlyCount "100"]
[EventDate "2017.05.13"]
[EventType "swiss"]
[EventRounds "8"]
[EventCountry "ESP"]
[SourceTitle "EXT 2020"]
[Source "ChessBase"]
[SourceDate "2019.10.17"]
[SourceVersion "1"]
[SourceVersionDate "2019.10.17"]
[SourceQuality "1"]

1. e4 e6 2. d4 d5 3. e5 c5 4. c3 Qb6 5. Nf3 Nc6 6. a3 c4 7. Nbd2 Na5 8. g3 Bd7 9. Bh3 h6 10. 0-0 0-0-0 11. Rb1 Kb8 12. b4 cxb3 13. Nxb3 Ba4 14. Nfd2 Ne7 15. Qc2 Rc8 16. Qb2 Nxb3 17. Nxb3 Bxb3 18. Qxb3 Qxb3 19. Rxb3 Nc6 20. f4 g6 21. Rf3 Nxd4 22. cxd4 Rxc1+ 23. Bf1 Rd1 24. Rfd3 Rxd3 25. Bxd3 Be7 26. Ba6 b6 27. Rc3 Re8 28. Kf2 f6 29. Rc6 Bxa3 30. exf6 g5 31. Kf3 Bb2 32. fxg5 hxg5 33. f7 Rf8 34. Ke3 e5 35. h4 Bxd4+ 36. Kd3 gxh4 37. gxh4 Bc5 38. h5 e4+ 39. Kc3 d4+ 40. Kc4 d3 41. Kc3 Be3 42. h6 Bxh6 43. Rxh6 Rxf7 44. Re6 Rc7+ 45. Kd2 Rc2+ 46. Ke3 Re2+ 47. Kd4 Ra2 48. Bc4 d2 49. Bb3 d1Q+ 50. Bxd1 Rd2+ 0-1

[Event "Pamplona Puente Foral op"]
[Site "Pamplona"]
[Date "2014.12.06"]
[Round "5"]
[White "Ruiz Moreno, Rafael"]
[Black "Oyaga Valencia, Jesus Maria"]
[Result "1-0"]
[WhiteElo "1827"]
[BlackElo "1694"]
[PlyCount "109"]
[EventDate "2014.12.03"]
[EventType "swiss"]
[EventRounds "7"]
[EventCountry "ESP"]
[SourceTitle "CBM 163 Extra"]
[Source "ChessBase"]
[SourceDate "2014.12.23"]
[SourceVersion "1"]
[SourceVersionDate "2014.12.23"]
[SourceQuality "1"]

1. d4 d5 2. c4 e6 3. Nc3 f5 4. Nf3 Nf6 5. Bg5 c6 6. Qc2 Be7 7. e3 0-0 8. Bd3 Ne4 9. Bxe7 Qxe7 10. 0-0 Nd7 11. Rac1 Ndf6 12. Ne5 g6 13. f3 Nxc3 14. Qxc3 Nd7 15. f4 Nxe5 16. dxe5 Qc5 17. Rf3 a5 18. a3 Bd7 19. h4 h5 20. Rg3 Kh7 21. Be2 Kh6 22. Kh2 Rfc8 23. Qd2 Qe7 24. Rg5 Be8 25. Qe1 Bf7 26. Qd2 Rd8 27. Qc3 Rd7 28. c5 Qd8 29. Qd4 Be8 30. Rd1 Qe7 31. Qc3 Rdd8 32. Rd4 Ra7 33. Qc1 Rda8 34. Bf3 a4 35. Rd3 Ra5 36. Rc3 Qc7 37. Qe1 Qe7 38. Qg3 Rb5 39. Rc2 Raa5 40. Be2 Rxc5 41. Rd2 Rc1 42. e4 Rac5 43. exf5 exf5 44. Bd3 Ra1 45. Bc2 b5 46. Re2 Rc4 47. e6 Qc5 48. Rxg6+ Bxg6 49. Qg5+ Kh7 50. e7 Rxc2 51. Qxg6+ Kxg6 52. e8Q+ Kg7 53. Qd7+ Kg8 54. Re8+ Qf8 55. Rxf8+ 1-0

[Event "La Zubia Villa 1st"]
[Site "La Zubia"]
[Date "2011.12.06"]
[Round "4.5"]
[White "Canton Parraga, Emilio"]
[Black "Ruiz Moreno, Rafael"]
[Result "1-0"]
[WhiteElo "1609"]
[BlackElo "1838"]
[PlyCount "65"]
[EventDate "2011.12.03"]
[EventType "swiss"]
[EventRounds "6"]
[EventCountry "ESP"]
[SourceTitle "EXT 2024"]
[Source "ChessBase"]
[SourceDate "2023.10.10"]
[SourceVersion "1"]
[SourceVersionDate "2023.10.10"]
[SourceQuality "1"]

1. e4 c5 2. Nf3 d6 3. d4 cxd4 4. Nxd4 Nf6 5. Nc3 g6 6. Be3 Bg7 7. Qd2 Nc6 8. f3 0-0 9. h4 h5 10. Be2 Ne5 11. 0-0-0 Bd7 12. Kb1 Rc8 13. Rhg1 Nc4 14. Bxc4 Rxc4 15. Qe2 Qc8 16. Bc1 Ng4 17. Nd5 Re8 18. Nb3 e6 19. Ne3 Nxe3 20. Bxe3 Bb5 21. Qd2 Ba4 22. g4 hxg4 23. Rxg4 Re7 24. h5 Rec7 25. hxg6 Rxc2 26. gxf7+ Kf8 27. Qxd6+ Kxf7 28. Rxg7+ Kxg7 29. Rg1+ Kf7 30. Qf4+ Ke7 31. Rg7+ Kd8 32. Qf8+ Be8 33. Bg5+ 1-0